LGBTQ+ Celebs- Sudden Death - Statistics

General Stats
  • This quiz has been taken 767 times
  • The average score is 9 of 24
Answers on the Grid
Answers color-coded by a green-red scale on the quiz's grid according to % correct below.
Jane Lynch
Alan Turing
David Bowie
Sir Elton John
Sir Ian McKellen
Miley Cyrus
Ellen DeGeneres
Kristen Stewart
Richard Pryor
Wayne Brady
Billie Joe Armstrong
Caitlyn Jenner
Demi Lovato
Marlon Brando
Ezra Miller
Andy Dick
Billie Eilish
Tyler, the Creator
Billy Joel
Cardi B
Lady Gaga
Michael Jackson
Mick Jagger
Taylor Swift
Eminem
Liza Minnelli
Hulk Hogan
Chris Pratt
Sinead O’Connor
George Takei
Justin Bieber
Ricky Gervais
Jimi Hendrix
Sir Patrick Stewart
The Weeknd
Cyndi Lauper
Betty White
Julia Child
Madonna
Neil Patrick Harris
 
Answer Stats
Answer % Correct
Ellen DeGeneres
65%
Sir Elton John
65%
Billie Eilish
63%
Lady Gaga
58%
Caitlyn Jenner
53%
David Bowie
53%
Demi Lovato
53%
Kristen Stewart
52%
Neil Patrick Harris
47%
Miley Cyrus
46%
Alan Turing
42%
Tyler, the Creator
40%
Sir Ian McKellen
38%
Ezra Miller
32%
George Takei
27%
Cardi B
26%
Jane Lynch
26%
Sinead O’Connor
23%
Billie Joe Armstrong
22%
Madonna
21%
Marlon Brando
14%
Andy Dick
12%
Richard Pryor
8%
Wayne Brady
8%
No matching quizzes found
Score Distribution
Percent of People with Each Score
Percentile by Number Answered
Your Score History
You have not taken this quiz